Transfer RNA : biological aspects
Αποθηκεύτηκε σε:
| Άλλοι συγγραφείς: | , , |
|---|---|
| Μορφή: | Βιβλίο |
| Γλώσσα: | English |
| Δημοσίευση: |
New York :
Cold Spring Harbor Laboratory,
1980
|
| Σειρά: | Cold Spring Harbor monograph series ;
; 9A-9B |
| Θέματα: | |
| Ετικέτες: |
Προσθήκη ετικέτας
Δεν υπάρχουν, Καταχωρήστε ετικέτα πρώτοι!
|
MARC
| LEADER | 00000cam a2200000 i 4500 | ||
|---|---|---|---|
| 001 | 1/7087 | ||
| 008 | 000619s1980 eng d | ||
| 020 | |a 0879691298 | ||
| 035 | |l 10062160 | ||
| 040 | |a GR-MY-UA |b gre |e aacr | ||
| 041 | 0 | |a eng | |
| 082 | 0 | |a 572.886 | |
| 245 | 1 | 0 | |a Transfer RNA : |b biological aspects / |c edited by Dieter Soll, John N. Abelson, Paul R. Schimmel |
| 260 | |a New York : |b Cold Spring Harbor Laboratory, |c 1980 | ||
| 300 | |a 578 p. |b ill. | ||
| 490 | 1 | |a Cold Spring Harbor monograph series |v ; 9A-9B | |
| 504 | |a Includes bibliographies and indexes | ||
| 650 | 0 | 0 | |a Transfer RNA |x Congresses. |
| 700 | 1 | |a Soll, Dieter. |4 edt | |
| 700 | 1 | |a Abelson, John. |4 edt | |
| 700 | 1 | |a Schimmel, Paul R. |q (Paul Reinhard), |d 1940- |4 edt | |
| 830 | 0 | |a Cold Spring Harbor monograph series ; |v ; 9A-9B | |
| 852 | |a INST |b LESVOS |e 20000619 |h 572.886 TRA |p 005100020863 |q 005100020863 |t BK |y 0 | ||
| 909 | |a Λ |b 072936 | ||
| 970 | |z 2000/06/ΟΙΚΟΝΟΜΟΠΟΥΛΟΥ ΧΡΙΣΤΙΝΑ | ||